The binding truth : (Record no. 36523)
[ view plain ]
| 000 -LEADER | |
|---|---|
| fixed length control field | 00988cam a2200169 a 4500 |
| 001 - CONTROL NUMBER | |
| control field | 4240678 |
| 005 - DATE AND TIME OF LATEST TRANSACTION | |
| control field | 20140520110341.0 |
| 008 - FIXED-LENGTH DATA ELEMENTS--GENERAL INFORMATION | |
| fixed length control field | 830222m19839999pau 000 0 eng |
| 100 1# - MAIN ENTRY--PERSONAL NAME | |
| Personal name | Neumann, Frederick, |
| Dates associated with a name | 1899-1967. |
| 245 14 - TITLE STATEMENT | |
| Title | The binding truth : |
| Remainder of title | a selective homiletical commentary on the New Testament / |
| Statement of responsibility, etc | by Frederick Neumann ; with an introduction by Dennis Baly |
| 260 ## - PUBLICATION, DISTRIBUTION, ETC. (IMPRINT) | |
| Place of publication, distribution, etc | Allison Park, Pa. : |
| Name of publisher, distributor, etc | Pickwick Publications, |
| Date of publication, distribution, etc | 1986. |
| 300 ## - PHYSICAL DESCRIPTION | |
| Extent | xii, 273 p. ; |
| Dimensions | 22 cm. |
| 505 1# - FORMATTED CONTENTS NOTE | |
| Formatted contents note | v. 1. The proper self-concern, the Gospel according to Matthew. -- v. 2 Why are you afraid? The Gospels of Mark and John. -- v. 3 A fresh start. The Gospel of Luke and the Book of Acts. -- v. 4 The offense of the Gospel. The Epistles to the Romans, Corinthians, and Galatians. -- v. 5 Living the real life, other Pauline Epistles, the Epistle to the Hebrews, the General Epistles, and the Book of Revelation. |
| 630 00 - SUBJECT ADDED ENTRY--UNIFORM TITLE | |
| Uniform title | Bible. |
| Name of part/section of a work | N.T. |
| General subdivision | Sermons. |
| 650 #0 - SUBJECT ADDED ENTRY--TOPICAL TERM | |
| Topical term or geographic name as entry element | Sermons, American. |
| 942 ## - ADDED ENTRY ELEMENTS (KOHA) | |
| Source of classification or shelving scheme | Library of Congress Classification |
| Item type | Books |
| Withdrawn status | Lost status | Source of classification or shelving scheme | Damaged status | Not for loan | Home library | Current library | Shelving location | Date acquired | Source of acquisition | Cost, normal purchase price | Serial Enumeration / chronology | Accession number | Shelving control number | Total Checkouts | Full call number | Barcode | Date last seen | Price effective from | Koha item type |
|---|---|---|---|---|---|---|---|---|---|---|---|---|---|---|---|---|---|---|---|
| Library of Congress Classification | BSOP Library | BSOP Library | GC | 11/11/2011 | Theological Book Network | 400.00 | v. V | 35896 | BS2341.3 N48 | 00043396 | 05/02/2013 | 05/02/2013 | Books |
